| 000 | 01135nam a2200253 a 4500 | ||
|---|---|---|---|
| 001 | 000030946 | ||
| 003 | DO-SdBNP | ||
| 005 | 20240409073642.0 | ||
| 008 | 110608t19561957dr ac 000 0 spa d | ||
| 040 |
_aDO-SdBNP _bspa _cBNPHU |
||
| 049 | _aBNPD | ||
| 082 |
_a972.93053 _bF356a |
||
| 111 | 2 |
_aFeria de la Paz y Confraternidad del Mundo Libre : _d(diciembre, 1955 : _cCiudad Trujillo, República Dominicana) _957461 |
|
| 245 | 1 | 0 | _aAlbum de oro de la Feria de la Paz y Confraternidad del Mundo Libre. |
| 260 |
_aCiudad Trujillo, República Dominicana : _bEl Mirador, _c1956-1957. |
||
| 300 |
_a2 v. : _bil., retrs. ; _c27 cm. |
||
| 650 | 4 |
_aFerias ganaderas _xHistoria _zRepública Dominicana _xFotografías _957462 |
|
| 651 | 4 |
_aRepública Dominicana _xFerias _957463 |
|
| 651 | 4 |
_aRepública Dominicana _xRelaciones Exteriores _xEra De Trujillo, 1930-1961 _957464 |
|
| 651 | 4 |
_aSanto Domingo (República Dominicana : Ciudad{Rpara} _xDescripciones _xVistas _957465 |
|
| 651 | 4 |
_aSanto Domingo (República Dominicana : Ciudad{Rpara} _xDescripciones _xFotografías _957466 |
|
| 910 | _aValidado. Control de calidad EMS. | ||
| 942 |
_2ddc _cLBS1 |
||
| 999 |
_c30438 _d30438 |
||